000
00328nam a2200109Ia 4500
008
221009s9999 xx 000 0 und d
082
_a
355
100
_a
Guider
_9
79384
245
0
_a
भारतीय नौसेना SSR ( सीनियर सेकेण्डरी रिकूट )
260
_b
Guider
942
_c
BK
999
_c
65317
_d
65317